[Event "CZE-chT U18 Extraliga final-B 1819"]
[Site "Czech Republic"]
[Date "2019.04.14"]
[Round "11.2"]
[White "Smid, Pavel"]
[Black "Horak, Jan"]
[Result "1-0"]
[WhiteElo "1976"]
[BlackElo "1921"]
[PlyCount "87"]
[EventDate "2018.10.05"]
[EventType "team-tourn"]
[EventRounds "11"]
[EventCountry "CZE"]
[SourceTitle "EXT 2023"]
[Source "ChessBase"]
[SourceDate "2022.10.05"]
[SourceVersion "1"]
[SourceVersionDate "2022.10.05"]
[SourceQuality "1"]
[WhiteTeam "Praha Kobylisy (U18)"]
[BlackTeam "Policka Stefanydes (U18)"]
[WhiteTeamCountry "CZE"]
[BlackTeamCountry "CZE"]

1. d4 c5 2. c4 Nf6 3. Nf3 cxd4 4. Nxd4 e5 5. Nb3 Be7 6. Nc3 d6 7. e4 0-0 8. Be2 Be6 9. 0-0 Nbd7 10. Be3 a6 11. Nd2 Ne8 12. Rc1 Bg5 13. Nd5 f5 14. Bxg5 Qxg5 15. exf5 Bxf5 16. Rc3 Qd8 17. Bf3 Rb8 18. Be4 Be6 19. Qc2 Ndf6 20. Bf5 Qd7 21. Bxe6+ Qxe6 22. Rh3 Rc8 23. Qb3 Qf7 24. Qd3 Qe6 25. Ne4 Nxe4 26. Qxe4 g6 27. Rb3 Rf7 28. Ne3 Nf6 29. Qd3 Rd7 30. Rd1 Kg7 31. Rb6 Rc6 32. Rxc6 bxc6 33. Qa3 d5 34. Qxa6 d4 35. Nf1 e4 36. b3 Ng4 37. h3 Nxf2 38. Kxf2 e3+ 39. Ke2 Qe4 40. Qa5 Qxg2+ 41. Kd3 Qxh3 42. Qe5+ Kh6 43. Ng3 e2 44. Rh1 1-0

[Event "CZE-chT U18 Extraliga final-B 1819"]
[Site "Czech Republic"]
[Date "2019.04.13"]
[Round "10.2"]
[White "Neumann, Filip"]
[Black "Smid, Pavel"]
[Result "0-1"]
[WhiteElo "1821"]
[BlackElo "1976"]
[PlyCount "84"]
[EventDate "2018.10.05"]
[EventType "team-tourn"]
[EventRounds "11"]
[EventCountry "CZE"]
[SourceTitle "EXT 2023"]
[Source "ChessBase"]
[SourceDate "2022.10.05"]
[SourceVersion "1"]
[SourceVersionDate "2022.10.05"]
[SourceQuality "1"]
[WhiteTeam "Orlova Slavia (U18)"]
[BlackTeam "Praha Kobylisy (U18)"]
[WhiteTeamCountry "CZE"]
[BlackTeamCountry "CZE"]

1. e4 e5 2. Nf3 Nc6 3. Bc4 Nf6 4. d3 Bc5 5. 0-0 0-0 6. c3 d6 7. a4 a6 8. Na3 Ba7 9. Nc2 Be6 10. Bxe6 fxe6 11. Qe2 Qe8 12. Re1 Nh5 13. d4 Nf4 14. Bxf4 Rxf4 15. Kh1 Qf7 16. b4 exd4 17. cxd4 Rf8 18. b5 Nb8 19. Ra3 c5 20. Rb1 axb5 21. Rxb5 cxd4 22. Rab3 Nc6 23. Rxb7 Qg6 24. Rc7 d3 25. Qxd3 Ne5 26. Qd1 Ng4 27. Qe2 Rxe4 28. Ne3 Bxe3 29. fxe3 Nh6 30. Rc4 Ng4 31. a5 Rxc4 32. Qxc4 Rxf3 33. Rb8+ Rf8 34. Rxf8+ Kxf8 35. Qc8+ Ke7 36. Qb7+ Kf6 37. Qf3+ Kg5 38. Qf4+ Kh5 39. Qb4 Nxe3 40. Qb5+ Kh6 41. Qb2 Qf5 42. Qc1 Qf2 0-1

[Event "CZE-chT2B 1819"]
[Site "Czech Republic"]
[Date "2018.11.18"]
[Round "3.7"]
[White "Fultner, Jaromir"]
[Black "Smid, Pavel"]
[Result "1/2-1/2"]
[WhiteElo "1934"]
[BlackElo "1960"]
[PlyCount "57"]
[EventDate "2018.10.14"]
[EventType "team-tourn"]
[EventRounds "11"]
[EventCountry "CZE"]
[SourceTitle "EXT 2022"]
[Source "ChessBase"]
[SourceDate "2021.10.06"]
[SourceVersion "1"]
[SourceVersionDate "2021.10.06"]
[SourceQuality "1"]
[WhiteTeam "Most Chess"]
[BlackTeam "Teplice"]
[WhiteTeamCountry "CZE"]
[BlackTeamCountry "CZE"]

1. d4 e6 2. c4 f5 3. Nf3 Nf6 4. e3 Bb4+ 5. Bd2 a5 6. a3 Bxd2+ 7. Qxd2 0-0 8. Nc3 Qe7 9. Be2 d6 10. 0-0 c6 11. Rad1 Ne4 12. Qc2 d5 13. Ne5 Nd7 14. Nxd7 Bxd7 15. f3 Ng5 16. e4 dxe4 17. fxe4 e5 18. d5 fxe4 19. d6 Rxf1+ 20. Bxf1 Qf6 21. h4 Nf7 22. Qxe4 Bf5 23. Qf3 Nxd6 24. Rxd6 Qxd6 25. Qxf5 Rf8 26. Qd3 Qc5+ 27. Kh2 Qf2 28. Be2 Qxh4+ 29. Kg1 1/2-1/2

[Event "Klatovy op-A 24th"]
[Site "Klatovy"]
[Date "2018.07.07"]
[Round "8"]
[White "Smid, Pavel"]
[Black "Jelinek, Michal"]
[Result "1-0"]
[WhiteElo "1964"]
[BlackElo "2204"]
[PlyCount "153"]
[EventDate "2018.06.30"]
[EventType "swiss"]
[EventRounds "9"]
[EventCountry "CZE"]
[SourceTitle "EXT 2019"]
[Source "ChessBase"]
[SourceDate "2018.10.10"]
[SourceVersion "1"]
[SourceVersionDate "2018.10.10"]
[SourceQuality "1"]

1. e4 e5 2. Nf3 Nc6 3. Bb5 a6 4. Ba4 Nf6 5. 0-0 Be7 6. d3 b5 7. Bb3 d6 8. c3 Na5 9. Bc2 c5 10. a4 Bb7 11. Nbd2 0-0 12. Re1 Nc6 13. Nf1 Re8 14. Ng3 Qc7 15. Nf5 Bf8 16. Bg5 Nd7 17. N3h4 Nd8 18. Qg4 Kh8 19. Re3 Ne6 20. Rg3 d5 21. Nh6 f6 22. Bd2 Bd6 23. Nf7+ Kg8 24. Nxd6 Qxd6 25. Nf5 Qf8 26. Bh6 Re7 27. Nxe7+ Qxe7 28. exd5 Bxd5 29. axb5 axb5 30. Rxa8+ Bxa8 31. Bb3 c4 32. dxc4 Ndc5 33. Ba2 Qa7 34. Bb1 Qa1 35. Qd1 Ne4 36. Bxg7 f5 37. Bxe5+ Nxg3 38. hxg3 Be4 39. Bc2 Qxd1+ 40. Bxd1 bxc4 41. Ba4 Nc5 42. Bb5 Bd5 43. Bd4 Ne6 44. Be3 Kf7 45. f3 Ke7 46. Kf2 Nc7 47. Ba4 Ne6 48. Bb6 h5 49. Ke3 Kf7 50. Bc2 Kf6 51. Bd4+ Kg5 52. Be5 Nd8 53. Kd4 Bg8 54. Bf4+ Kf6 55. Ba4 Ne6+ 56. Ke3 Nc5 57. Be8 Be6 58. Bd6 Nb7 59. Bc7 Kg5 60. Bf4+ Kf6 61. Bxh5 Ke7 62. g4 Nc5 63. gxf5 Bxf5 64. Kd4 Ne6+ 65. Ke5 Bd3 66. g4 Nc5 67. g5 Na4 68. Bc1 Nc5 69. f4 Bh7 70. Be3 Nd3+ 71. Kd4 Nxb2 72. g6 Bg8 73. Bf2 Kf6 74. Ke4 Kg7 75. f5 Kh6 76. f6 Nd3 77. Be3+ 1-0

[Event "CZE-ch U14"]
[Site "Kouty nad Desnou"]
[Date "2017.03.15"]
[Round "6"]
[White "Smid, Pavel"]
[Black "Barak, David"]
[Result "1-0"]
[WhiteElo "1754"]
[BlackElo "1658"]
[PlyCount "57"]
[EventDate "2017.03.11"]
[EventType "swiss"]
[EventRounds "9"]
[EventCountry "CZE"]
[SourceTitle "CBM 177 Extra"]
[Source "ChessBase"]
[SourceDate "2017.04.27"]
[SourceVersion "1"]
[SourceVersionDate "2017.04.27"]
[SourceQuality "1"]

1. e4 c6 2. c4 d5 3. exd5 cxd5 4. cxd5 Nf6 5. Nc3 Nxd5 6. Nf3 e6 7. d4 Be7 8. a3 0-0 9. Bd3 Nc6 10. 0-0 h6 11. Re1 Bf6 12. Bc2 Nxc3 13. bxc3 Ne7 14. Qd3 Ng6 15. Ne5 Bxe5 16. Rxe5 Re8 17. Re3 b6 18. Qe4 Rb8 19. Rg3 e5 20. Rxg6 exd4 21. Rxg7+ Kxg7 22. Qh7+ Kf6 23. Qxh6+ Ke5 24. Bf4+ Kd5 25. Bb3+ Kc5 26. cxd4+ Qxd4 27. Rc1+ Kb5 28. Qc6+ Ka5 29. Bd2+ 1-0

[Event "CZE-ch U14"]
[Site "Kouty nad Desnou"]
[Date "2017.03.13"]
[Round "3"]
[White "Kopec, Ladislav1111"]
[Black "Smid, Pavel"]
[Result "0-1"]
[WhiteElo "1713"]
[BlackElo "1754"]
[PlyCount "60"]
[EventDate "2017.03.11"]
[EventType "swiss"]
[EventRounds "9"]
[EventCountry "CZE"]
[SourceTitle "CBM 177 Extra"]
[Source "ChessBase"]
[SourceDate "2017.04.27"]
[SourceVersion "1"]
[SourceVersionDate "2017.04.27"]
[SourceQuality "1"]

1. e4 e6 2. d4 d5 3. Nc3 Nf6 4. e5 Nfd7 5. f4 c5 6. Nf3 Nc6 7. Be3 Be7 8. Qd2 0-0 9. dxc5 Nxc5 10. 0-0-0 a6 11. Qf2 Nd7 12. Qg3 f6 13. Bd3 f5 14. h4 Nc5 15. Be2 b5 16. Qf2 Ne4 17. Nxe4 fxe4 18. Ng5 Nxe5 19. Nxe4 Qa5 20. Nc3 Nc4 21. Bxc4 bxc4 22. Bb6 Qb4 23. a3 Qd6 24. Be3 Rb8 25. Bd4 Rxf4 26. Qg3 Rxd4 27. Qxd6 Rxd1+ 28. Rxd1 Bxd6 29. Ne2 Be5 30. c3 Bd7 0-1

[Event "CZE-ch U14"]
[Site "Kouty nad Desnou"]
[Date "2017.03.12"]
[Round "2"]
[White "Smid, Pavel"]
[Black "Volak, Simon"]
[Result "1/2-1/2"]
[WhiteElo "1754"]
[BlackElo "1691"]
[PlyCount "91"]
[EventDate "2017.03.11"]
[EventType "swiss"]
[EventRounds "9"]
[EventCountry "CZE"]
[SourceTitle "CBM 177 Extra"]
[Source "ChessBase"]
[SourceDate "2017.04.27"]
[SourceVersion "1"]
[SourceVersionDate "2017.04.27"]
[SourceQuality "1"]

1. e4 c6 2. d4 d5 3. exd5 cxd5 4. Bf4 Nc6 5. c3 Bf5 6. Qb3 Qd7 7. Nd2 e6 8. Ngf3 a6 9. Nh4 Nge7 10. Be2 Ng6 11. Nxg6 Bxg6 12. 0-0 Bd6 13. Bxd6 Qxd6 14. Qxb7 0-0 15. Qb3 Rfb8 16. Qd1 Rxb2 17. Nb3 Rc2 18. Nc5 Rxc3 19. Nb3 Ne7 20. Rc1 Rxc1 21. Qxc1 Rc8 22. Nc5 h6 23. a4 Nf5 24. Qd2 Nxd4 25. Qxd4 Qxc5 26. Qxc5 Rxc5 27. Bxa6 Ra5 28. Bb5 Bc2 29. Ra1 Kf8 30. Kf1 Ke7 31. Ke2 e5 32. Kd2 Bf5 33. Kc3 Ra7 34. Kb4 Kd6 35. a5 d4 36. a6 Bc2 37. Ka5 Be4 38. f3 Bd5 39. Kb6 Rc7 40. a7 Rb7+ 41. Ka6 Rc7 42. Kb6 f5 43. a8Q Bxa8 44. Rxa8 Rc2 45. Rd8+ Ke6 46. Re8+ 1/2-1/2

[Event "CZE-ch U18/U20 sf"]
[Site "Kovarska"]
[Date "2016.11.13"]
[Round "1"]
[White "Husek, Martin"]
[Black "Smid, Pavel"]
[Result "1-0"]
[WhiteElo "2067"]
[BlackElo "1695"]
[PlyCount "63"]
[EventDate "2016.11.13"]
[EventType "swiss"]
[EventRounds "9"]
[EventCountry "CZE"]
[SourceTitle "EXT 2022"]
[Source "ChessBase"]
[SourceDate "2021.10.06"]
[SourceVersion "1"]
[SourceVersionDate "2021.10.06"]
[SourceQuality "1"]

1. e4 e6 2. d4 d5 3. Nd2 Nf6 4. e5 Nfd7 5. Bd3 c5 6. c3 Nc6 7. Ne2 cxd4 8. cxd4 f6 9. exf6 Nxf6 10. Nf3 Bd6 11. Bg5 Qa5+ 12. Qd2 Qxd2+ 13. Bxd2 0-0 14. 0-0 e5 15. dxe5 Nxe5 16. Nxe5 Bxe5 17. Bc3 Ng4 18. h3 Bxc3 19. Nxc3 Ne5 20. Rad1 d4 21. Nb5 Bd7 22. Nxd4 Rad8 23. Bc2 Bxh3 24. Bb3+ Kh8 25. f4 Bg4 26. fxe5 Bxd1 27. Rxd1 Rf4 28. Nf3 Rxd1+ 29. Bxd1 Re4 30. Bb3 b6 31. Ng5 g6 32. Nxe4 1-0